Étienne Miqueu, Symbiose. Essai sur nos vies ensemble. Flammarion, «Terra Incognita», 2025, 320 páginas, 23 euros. (notice n° 1664242)

détails MARC
000 -LEADER
fixed length control field 00710cam a2200157 4500500
005 - DATE AND TIME OF LATEST TRANSACTION
control field 20260222001045.0
041 ## - LANGUAGE CODE
Language code of text/sound track or separate title fre
042 ## - AUTHENTICATION CODE
Authentication code dc
100 10 - MAIN ENTRY--PERSONAL NAME
Personal name Rivet de Sabatier, Philippe
Relator term author
245 00 - TITLE STATEMENT
Title Étienne Miqueu, Symbiose. Essai sur nos vies ensemble. Flammarion, «Terra Incognita», 2025, 320 páginas, 23 euros.
260 ## - PUBLICATION, DISTRIBUTION, ETC.
Date of publication, distribution, etc. 2025.<br/>
500 ## - GENERAL NOTE
General note 48
520 ## - SUMMARY, ETC.
Summary, etc. La Fundación Louis Vuitton, en París, presenta una retrospectiva de la obra de Gerhard Richter, un panorama completo que abarca sesenta años de creación artística.
786 0# - DATA SOURCE ENTRY
Note Études | 4333 | 1 | 2025-12-30 | p. 125-125
856 41 - ELECTRONIC LOCATION AND ACCESS
Uniform Resource Identifier <a href="https://shs.cairn.info/revista-etudes-2026-1-page-125?lang=es&redirect-ssocas=7080">https://shs.cairn.info/revista-etudes-2026-1-page-125?lang=es&redirect-ssocas=7080</a>

Pas d'exemplaire disponible.

PLUDOC

PLUDOC est la plateforme unique et centralisée de gestion des bibliothèques physiques et numériques de Guinée administré par le CEDUST. Elle est la plus grande base de données de ressources documentaires pour les Étudiants, Enseignants chercheurs et Chercheurs de Guinée.

Adresse

627 919 101/664 919 101

25 boulevard du commerce
Kaloum, Conakry, Guinée

Réseaux sociaux

Powered by Netsen Group @ 2025